Power builder: Concepts and applications (Record no. 13611)

000 -LEADER
fixed length control field 00369nam a22001577a 4500
020 ## - INTERNATIONAL STANDARD BOOK NUMBER
International Standard Book Number 8170296145
082 ## - DEWEY DECIMAL CLASSIFICATION NUMBER
Classification number 794.4 BAY
100 ## - MAIN ENTRY--PERSONAL NAME
Personal name Bayross, Ivan
245 ## - TITLE STATEMENT
Title Power builder: Concepts and applications
250 ## - EDITION STATEMENT
Edition statement 2nd
260 ## - PUBLICATION, DISTRIBUTION, ETC.
Place of publication, distribution, etc. New Delhi
Name of publisher, distributor, etc. BPB Publications
Date of publication, distribution, etc. 1995
300 ## - PHYSICAL DESCRIPTION
Extent x, 279 p.
500 ## - GENERAL NOTE
General note Includes index
650 ## - SUBJECT ADDED ENTRY--TOPICAL TERM
Topical term or geographic name entry element Power builder
942 ## - ADDED ENTRY ELEMENTS (KOHA)
Koha item type Book
Holdings
Withdrawn status Lost status Damaged status Not for loan Collection code Permanent Location Current Location Shelving location Date acquired Source of acquisition Total Checkouts Full call number Barcode Date last seen Price effective from Koha item type
          Central Library (CL) Central Library (CL) General Stacks 07/12/2016 Donation   794.4 BAY SEECSD01312 07/22/2016 07/22/2016 Book
© 2023 Central Library, National University of Sciences and Technology. All Rights Reserved.